Statistics for Basic Rocket League Mechanics

Click here to take the quiz!

General Stats

  • This quiz has been taken 79 times
  • The average score is 6 of 13

Answer Stats

HintAnswer% Correct
hit the ball with a certain part of your car to get a ____ _____flip reset
86%
the most used flick in the gamemusty flick
79%
hit the ground with corner of your car to bounce uppogo
67%
flip as your car is just about to land to get thiswavedash
61%
(in air) hit ball whilst aerialing then hit a shot after it bounces off walldouble tap
56%
2 or more players hit the ball at the same time (fast)team pinch
51%
adds extra motion to the flick abovebreezi flick
46%
a flick where you spin your car to face backwards in air and then flick180 degree flick/180 flick
42%
musty/ground pinch but redirect it off the backboardpsycho
42%
freestylers use this to get resetsstall
39%
drive up/jump up to _______ and shootceiling shot
30%
use your flip to boost up from the groundstingpop
16%
answer to #2 but off the wallbackboard reset (bbr)
5%

Score Distribution

Percentile by Number Answered

Percent of People with Each Score

Your Score History

You have not taken this quiz